La Contre - Guérilla Francaise au Mexique (Record no. 3566)

MARC details
000 -CABECERA
campo de control de longitud fija 00699nam a2200217 a 4500
001 - NÚMERO DE CONTROL
campo de control BRCA_3838
005 - FECHA Y HORA DE LA ÚLTIMA TRANSACCIÓN
campo de control 20190320204437.0
008 - DATOS DE LONGITUD FIJA--INFORMACIÓN GENERAL
campo de control de longitud fija 111209s1868----fr-a######---#000-0#fre-#
041 ## - CÓDIGO DE LENGUA
Código de lengua del texto/banda sonora o título independiente fre
044 ## - CÓDIGO DEL PAÍS DE LA ENTIDAD EDITORA/PRODUCTORA
Código MARC del país fr
050 #4 - SIGNATURA TOPOGRÁFICA DE LA BIBLIOTECA DEL CONGRESO
Número de clasificación F1233.M3
Número de documento/Ítem .K46 1868
100 1# - ENTRADA PRINCIPAL--NOMBRE DE PERSONA
Nombre de persona Keratry, Emile, Comte de
Fechas asociadas al nombre 1832-1904.
9 (RLIN) 9996
245 10 - MENCIÓN DE TÍTULO
Título La Contre - Guérilla Francaise au Mexique
Resto del título souvenirs des terres chaudes
Mención de responsabilidad, etc. Emile de Keratry.
260 ## - PUBLICACIÓN, DISTRIBUCIÓN, ETC.
Lugar de publicación, distribución, etc. París
Nombre del editor, distribuidor, etc. Librairie Internationale
Fecha de publicación, distribución, etc. 1868
300 ## - DESCRIPCIÓN FÍSICA
Extensión 322 p.
Otras características físicas il.
Dimensiones 21 cm.
500 ## - NOTA GENERAL
Nota general B183
600 14 - PUNTO DE ACCESO ADICIONAL DE MATERIA--NOMBRE DE PERSONA
Nombre de persona Maximiliano.
Títulos y otros términos asociados al nombre Emperador de México
Fechas asociadas al nombre 1832-1867.
9 (RLIN) 4582
651 #4 - PUNTO DE ACCESO ADICIONAL DE MATERIA--NOMBRE GEOGRÁFICO
Nombre geográfico México
Subdivisión de forma Historia
Subdivisión general Intervención francesa
Subdivisión cronológica 1861-1867.
9 (RLIN) 9997
902 ## - CATALOGADOR
Iniciales GFM
942 ## - ELEMENTOS DE PUNTO DE ACCESO ADICIONAL (KOHA)
Fuente del sistema de clasificación o colocación Library of Congress Classification
Tipo de ítem Koha Libros
Holdings
Estado de retiro Estado de pérdida Estado dañado No para préstamo Localización permanente Ubicación/localización actual Fecha de adquisición Número de inventario Total de préstamos Signatura topográfica completa Código de barras Fecha visto por última vez Precio válido a partir de Tipo de ítem Koha
El ejemplar forma parte de la colección y puede ser consultado según las políticas vigentes.       Biblioteca del Museo Franz Mayer (Rogerio Casas-Alatriste) Biblioteca del Museo Franz Mayer (Rogerio Casas-Alatriste) 11/12/2009 B183   F1233.M3 .K46 1868 (B183) 3835 22/03/2019 22/03/2019 Libros